000 01208nam0a22002531 4500
001 rc\2157514
005 20110829174904.4
035 _a(NLR Aleph) 006638123
090 _a7620766
_c7620766
100 _a20110829d1979 |||y0rusy50 ca
101 0 _arus
102 _aRU
105 _ay z |||||
200 1 _aПути повышения эффективности капитальных вложений в строительство культурно-просветительных и зрелищных зданий в больших городах
_f[Сост. В.З. Черняк, к. э. н.]
210 _aМосква
_cГосИНТИ
_d1979
215 _a22 с.
_d21
225 1 _aПроблемы больших городов
_eОбзор. информ.
_fОб-ние по руководству НТИ и пропагандой в РСФСР при Гос. ком. СССР по науке и технике, Гос. НИИ науч. и техн. информ.
_vВып. 19
700 1 _aЧерняк
_bВ. З.
_gВиктор Захарович
801 0 _aRU
_bNLR
_gpsbo
801 1 _aRU
_bELAR
_2rusmarc
852 _aNLR
_jП31/290
899 _aRuMoRGB
_jБр 169/92
942 _cBOOK
980 _aNB